| 000 | 00561nam a22001697a 4500 | ||
|---|---|---|---|
| 008 | 211111b ||||| |||| 00| 0 eng d | ||
| 020 | _a0812690850 | ||
| 050 | _aQ175.H87 1988 | ||
| 100 |
_aHowson, Colin and Urbach, Peter _951008 |
||
| 245 |
_aScientific reasoning: the Bayesian approach _c/by Colin Howson and Peter Urbach |
||
| 260 |
_aIllinois: _bOpen Court, _c1989. |
||
| 300 |
_axii, 312p.; _c23cm. |
||
| 650 |
_aScience _xPhilosophy |
||
| 650 |
_aReasoning _912415 |
||
| 650 |
_aBayesian statistical decision theory _919240 |
||
| 942 |
_2lcc _cMONOGRAPH |
||
| 999 |
_c131120 _d131120 |
||